| 000 | 00614 a2200217 4500 | ||
|---|---|---|---|
| 001 | 59910 | ||
| 005 | 20260407155852.0 | ||
| 008 | 260407a1958 arg spa d | ||
| 003 | AR-UNSa-BCEJYS | ||
| 040 |
_aAR-UNSa-BCEJYS _bspa _cAR-UNSa-BCEJYS |
||
| 080 |
_a34(37) _xDerecho Romano |
||
| 245 | 1 | 0 |
_aDerecho Romano _pInstituciones de derecho privado |
| 250 | _a6a. ed. | ||
| 264 | 1 |
_aBarcelona : _bEdiciones Ariel _c1958 |
|
| 300 |
_axxii, 752 p. _c22 cm. |
||
| 505 | _aLibro Primero: Parte General - | ||
| 041 | _aspa | ||
| 942 | _cBK | ||
| 590 | _aniveau_biblio:m niveau_hierar:0 | ||
| 100 | 1 | _aIglesias, Juan | |
| 999 |
_c6838 _d6838 |
||